=LDR 00000nam 2200000 4500 =001 INLIS000000000006376 =005 20220610011818 =035 ##$$a 0010-0622000237 =245 1#$$a Components Tap Future White Goods /$c TETSUO HIRAYAMA =100 1#$$a HIRAYAMA, Tetsuo =250 ##$$a Edisi Vol. 19, Serial No. 210 March 2014 =300 ##$$a 49 halaman : $b Tabel, Gambar ; $c 21x28 cm =260 ##$:$b Dempa Asia Electronics Industry,$c 2014 =082 ##$$a 050.37 =084 ##$$a 050.37 HIR c =500 ##$$a Special Report : Mountable Devices Shrink, 3D Poises as Mainstream Chip Design =990 ##$$a 22/MJ-16